000 00593nam a2200205Ia 4500
005 20250508165001.0
008 008 250505s9999 xx 000 0 eng d
020 _a0-7619-9630-3
037 _aTextual
040 _aFEDL
_beng
_cFEDL
041 _aeng
_2eng
084 _a305.8, MAH
_qFEDL
100 _aMahajan Gurpreet
245 0 _aMulticultural path: Issues of diversity and discrimination in democracy
260 _aNew Delhi, India
_bSage Publications
_c2007
300 _a239p.
365 _aINR
_b495
942 _cTEXL
_h305.8, MAH
999 _c1392478
_d1392478